| 000 | 00762nam a2200181Ia 4500 | ||
|---|---|---|---|
| 008 | 100920s9999 xx 000 0 und d | ||
| 082 |
_b77961 _a28 व 891 न 00 |
||
| 100 | _aअनुवाद-वर्टीकर मनोहर. /जोशी जीवाराम. | ||
| 245 | _aमियाँ फुसकी - जादूची वाटी. | ||
| 260 |
_bअनमोल प्रकाशन , पुणे 2. _c2000 |
||
| 300 |
_a62 _bसाधी |
||
| 365 | _b40 | ||
| 520 | _aबा.वि.लघुकथा. | ||
| 630 | _aमियाँ फुसकी - जादूची वाटी. | ||
| 650 | _aबा.वि.लघुकथा. | ||
| 730 | _aमियाँ फुसकी - जादूची वाटी. | ||
| 942 | _cBOOK | ||
| 999 |
_c719189 _d719186 |
||